=LDR 00000nam 2200000 4500 =001 INLIS000000000048041 =005 20200219104513 =035 ##$$a 0010-041600000000022 =008 200219################g##########0#ind## =020 ##$$a 3-430-15502-9 =082 ##$$a 025.17 =090 ##$$a 025.17 $b Ser s =245 ##$$a Seratus Johre Guido Knopp Die Bilder Des Jahrhundents /$c Dokumentation Christne Kislen =260 ##$$a Muchen :$b Verlagshaus Geothestrafe,$c 1999 =300 ##$$a 431 hlm . : $b ilus . ; $c 27 cm =650 #4$$a Dokumen Sejarah =700 #$$a Christime Kislen =084 ##$$a 025.17 SAT =990 ##$$a 31500783